000 00402nam a2200169Ia 4500
008 100315s9999 xx 000 0 und d
040 _cENGLISH 
082 _b1346 
100 _a"GHOSH,P.K. "
245 _aINDUSTRIAL PSYCHOLOGY
260 _c
365 _eRupees 
_d
_b0.00 
366 _f
630 _aINDUSTRIAL PSYCHOLOGY
730 _aINDUSTRIAL PSYCHOLOGY
942 _cBOOK
999 _c476081
_d476078